[Event "Dvorkovich Memorial Rapid 2018"]
[Site "Taganrog"]
[Date "2018.01.14"]
[Round "10"]
[White "Esipenko, Andrey"]
[Black "Bykov, Egor"]
[Result "1-0"]
[WhiteElo "2571"]
[BlackElo "2346"]
[Annotator "TA"]
[PlyCount "105"]
[EventDate "2018.??.??"]
[EventType "swiss"]
[EventCountry "RUS"]
[SourceTitle "playchess.com"]
[Source "ChessBase"]
[SourceQuality "1"]

{[%evp 11,104,22,22,16,15,24,0,15,15,17,15,27,0,0,0,-39,14,-50,-41,-109,-110,-118,6,0,0,0,20,0,2,6,0,7,108,109,112,106,119,85,107,109,96,47,31,28,113,89,90,81,81,85,318,74,102,95,169,151,166,159,163,167,217,214,206,191,185,155,201,193,195,198,409,407,405,405,476,466,434,198,211,97,786,788,528,520,771,723,866,853,810,717,29992,29991,29991,5624,29999]} 1. d4 Nf6 2. c4 e6 3. Nf3 b6 4. g3 Ba6 5. Qc2 Bb7 6. Bg2 c5 7. d5 {E15: Queen's Indian: 4 g3 sidelines, 4 g3 Ba6 and 4 g3 Bb7 early deviations} exd5 8. cxd5 Nxd5 9. O-O {The position is equal.} Be7 10. Rd1 Nc6 11. Qa4 (11. Rxd5 $2 Nb4 $17) 11... Nf6 12. Nc3 O-O 13. g4 Nb4 {[#]} (13... Qe8 $15) 14. g5 $146 ({White should try} 14. a3 $1 $11) ({Predecessor:} 14. a3 Nbd5 15. Nxd5 Bxd5 {½-½ (46) Shirov,A (2699)-Aronian,L (2759) Elista 2007}) 14... Nfd5 $15 15. Ne5 (15. Nxd5 $15 Bxd5 16. a3) 15... Bxg5 $17 16. Qxd7 ({Don't go for} 16. Bxd5 $2 Nxd5 17. Qg4 Bxc1 $19) 16... Qxd7 ({Black should play} 16... Nxc3 $1 $17 17. bxc3 Bxg2 18. Kxg2 Nc2) 17. Nxd7 $11 Bxc1 $1 18. Nxd5 Bxd5 19. Bxd5 Nxd5 20. Rxd5 Bxb2 21. Rb1 Ba3 (21... Bf6 $11 {keeps the balance.} 22. Nxf8 Kxf8) 22. Nxf8 $16 {Rb3 is the strong threat.} Kxf8 {[%mdl 4096] Endgame KRR-KRB} 23. Rd7 Bb4 24. Rbd1 Rc8 25. Rxa7 c4 26. Rad7 Ke8 {aiming for ...c3.} 27. R7d4 {Threatens to win with Rc1.} Ba5 (27... b5 $11 {remains equal.}) 28. Re4+ Kf8 29. a4 c3 {And now ...c2 would win.} 30. Red4 c2 $2 {[#]} (30... Rc6 $16 31. Rc1 c2) 31. Rc1 $2 (31. Rd8+ $1 $18 {and the rest is easy.} Rxd8 32. Rxd8+ Ke7 33. Rc8) 31... Rc5 {White must now prevent ...Bc3.} 32. Rd3 Ke7 (32... f5 $16) 33. Kf1 f5 {[#]} 34. e3 $1 Ke6 35. Ke2 Ke5 36. Rb3 Rc4 37. Kd3 Rxa4 38. f4+ ({Don't take} 38. Kxc2 $6 Bb4 $14) 38... Kd6 39. Rxc2 Ra1 40. Ke2 h5 $2 (40... Re1+ {was worth a try.} 41. Kf2 Rd1) 41. Rd3+ $18 Ke6 42. Rc6+ Kf7 43. Rd7+ Kg8 44. Kf2 (44. Rcc7 $142) 44... Ra2+ 45. Kf3 (45. Kf1 $18 {and White stays clearly on top.}) 45... Rxh2 $2 {[%mdl 8192]} (45... Be1 $16 46. e4 fxe4+ 47. Kxe4 Rxh2) 46. Rcc7 Rh3+ 47. Kf2 Rh2+ 48. Kg3 Re2 49. Rxg7+ Kf8 50. Kf3 {White threatens Rcf7+ and mate.} Rh2 51. Rh7 {[%cal Rh7h8]} Kg8 52. Rhd7 (52. Rcg7+ $142 Kf8 53. Ra7 Kg8 54. Rhg7+ Kf8 55. Rgc7 Rh3+ 56. Ke2 Rh2+ 57. Kf1 Rf2+ 58. Kxf2 Be1+ 59. Kxe1 h4 60. Rc8#) 52... Rd2 53. Rc8# {Precision: White = 48%, Black = 34%.} 1-0

[Event "Dvorkovich Memorial Rapid 2018"]
[Site "Taganrog"]
[Date "2018.01.14"]
[Round "10"]
[White "Savchenko, Boris"]
[Black "Kovalchuk, Alexey"]
[Result "1/2-1/2"]
[WhiteElo "2566"]
[BlackElo "2444"]
[Annotator "TA"]
[PlyCount "160"]
[EventDate "2018.??.??"]
[EventType "swiss"]
[EventCountry "RUS"]
[SourceTitle "playchess.com"]
[Source "ChessBase"]
[SourceQuality "1"]

{[%evp 13,160,49,59,49,50,35,48,29,47,50,58,62,103,106,106,69,71,71,100,98,100,53,55,39,59,51,58,10,75,74,73,56,54,54,70,54,72,53,52,-33,-31,-34,-43,-41,-29,-33,-27,-32,0,-56,-15,-33,-33,-77,-46,-52,-45,-121,-60,-65,-19,-106,-11,-106,-110,-107,-93,-100,-100,-110,0,0,0,0,0,0,0,0,0,0,0,0,0,0,0,-161,0,0,0,0,0,-259,0,0,0,0,0,-32,0,0,0,0,0,0,0,0,0,0,0,0,0,0,0,0,0,-445,0,0,0,0,0,0,0,0,0,0,0,0,0,0,0,0,0,0,0,0,0,0,0,0,0,0,0,0,0,0,0,0,0]} 1. e4 d6 2. d4 Nf6 3. Nc3 g6 4. h3 Bg7 5. g4 c5 (5... O-O 6. Bg2 e5 7. Nge2 Nc6 8. Be3 h5 9. d5 Ne7 10. Qd2 hxg4 11. Bh6 g3 12. Nxg3 c6 13. dxc6 bxc6 14. Bxg7 Kxg7 {1-0 (63) Nakamura,H (2775)-Onischuk,V (2594) Dubai 2014}) 6. dxc5 {B07: Pirc Defence: Miscellaneous Systems} Qa5 7. Bg2 Qxc5 {LiveBook: 6 Games} 8. Be3 {White is slightly better.} Qa5 9. Qd2 Nc6 10. f4 O-O 11. Nge2 Be6 $146 ({Predecessor:} 11... Bd7 12. O-O Rac8 13. Nc1 {0-1 (30) Talon,A (2048)-Tjiam,D (2379) Belgium 2016}) 12. Nd5 Bxd5 13. exd5 Qxd2+ 14. Kxd2 Nb4 15. Bf2 Rfc8 16. c3 $1 {[%cal Rc3b4]} Na6 17. Nd4 Nc7 18. c4 Nd7 19. Rae1 Kf8 20. Re2 Nb6 (20... b5 $11 {keeps the balance.}) 21. b3 $16 a5 22. Nf3 Nd7 23. a4 Nc5 24. Rb1 N7a6 {[%cal Bc7a6,Ba6b4,Bb4d3][%mdl 32]} 25. Nd4 Nb4 26. h4 (26. Ke3 $14) 26... Nbd3 $15 27. Be3 Bxd4 28. Bxd4 Nxf4 29. Rf2 Nxg2 30. Rxg2 e5 31. dxe6 (31. Bxc5 $11 Rxc5 32. Rf1) 31... fxe6 32. Kc2 Ke7 33. Bg7 Kd7 34. Rf1 Kc6 35. h5 (35. Rf7 $15) 35... gxh5 (35... e5 $17 36. hxg6 hxg6) 36. gxh5 Rc7 37. h6 (37. Bd4 $11) 37... Re8 (37... Rg8 $1 $17 38. Rg3 Rd7) 38. Rgf2 (38. Bc3 $11) 38... e5 $17 39. Rf8 Rxf8 40. Rxf8 {[%mdl 4096] Endgame KRB-KRN} Ne6 41. Rh8 Nxg7 (41... Nd4+ $17 42. Kd3 Nf5) 42. Rxh7 $11 Rf7 $1 {[%cal Rf7f2]} 43. hxg7 {KR-KR} Rf2+ 44. Kd3 Rg2 45. Ke4 Rg5 46. Kf3 b6 47. Ke4 Kc5 48. Ke3 Kb4 49. Kf2 $2 {[#]} (49. Ke4 $11 {and White has nothing to worry.}) 49... Kc5 $2 ({Not} 49... Kxb3 50. Rh3+ Kxa4 51. Rg3 $16) (49... Ka3 $1 $19 50. Rh6 Rxg7 51. Rxd6 Rb7) 50. Ke3 Kb4 51. Ke4 Kc5 52. b4+ $2 {[%mdl 8192]} (52. Kd3 $11 {and White stays safe.}) 52... Kxb4 $2 (52... Kxc4 $19 53. bxa5 d5+ 54. Kf3 bxa5) 53. Kd5 Rg6 54. Rh4 Kb3 55. Kc6 d5+ (55... Rxg7 56. Kxb6 Rf7 57. Kb5 $17) 56. Kxd5 Rxg7 57. Rh6 Rb7 58. Kc6 Re7 59. Kd5 Rb7 ({Don't play} 59... Kxa4 60. Rxb6 e4 61. Kd6 $15) 60. Rh1 Kxa4 61. Rb1 e4 62. c5 b5 {...b4 is the strong threat.} 63. Ra1+ Kb4 {And now ...Rd7+ would win.} 64. Rb1+ $2 {[%mdl 8192] [#]} (64. c6 $11 {and White is okay.} Rb8 65. c7) 64... Ka4 $2 (64... Kc3 $1 $19 65. c6 Rb8) 65. c6 {The position is equal.} Rh7 {Threatening ...e3.} 66. Rc1 Rh5+ 67. Kxe4 {Strongly threatening c7.} Rh8 {aiming for ...b4.} 68. Kd4 b4 {Hoping for ...Kb5.} 69. Kc5 Ka3 70. Ra1+ Kb2 71. Rxa5 b3 72. Ra4 Kc2 73. Rc4+ Kd2 74. Rd4+ Kc2 75. Rc4+ Kd2 76. Rb4 Kc2 77. c7 b2 78. Rb8 Rxb8 79. cxb8=Q {Qh2+ would kill now.} b1=Q 80. Qxb1+ Kxb1 {Precision: White = 52%, Black = 59%.} 1/2-1/2

[Event "Dvorkovich Memorial Rapid 2018"]
[Site "Taganrog"]
[Date "2018.01.14"]
[Round "10"]
[White "Goganov, Aleksey"]
[Black "Sjugirov, Sanan"]
[Result "1/2-1/2"]
[WhiteElo "2563"]
[BlackElo "2652"]
[Annotator "TA"]
[PlyCount "36"]
[EventDate "2018.??.??"]
[EventType "swiss"]
[EventCountry "RUS"]
[SourceTitle "playchess.com"]
[Source "ChessBase"]
[SourceQuality "1"]

{[%evp 19,36,0,0,0,0,0,0,4,8,0,5,-9,-9,0,12,14,14,16,27]} 1. Nf3 d5 2. g3 g6 3. Bg2 Bg7 4. d4 Nd7 (4... Nf6 5. O-O O-O 6. c4 dxc4 7. Na3 c5 8. Nxc4 Be6 9. Nce5 cxd4 10. Qxd4 {½-½ (10) Yu,Y (2751)-Ding,L (2777) Riadh 2017}) 5. O-O Ngf6 6. c4 {D02: 1 d4 d5 2 Nf3 sidelines, including 2...Nf6 3 g3 and 2...Nf6 3 Bf4} dxc4 7. Na3 Nb6 8. Nxc4 Nxc4 9. Qa4+ c6 10. Qxc4 Be6 {LiveBook: 3 Games. The position is equal.} 11. Qc2 Bd5 12. Bf4 O-O $146 13. Be5 Be4 14. Qb3 Qb6 15. Nd2 Bxg2 16. Kxg2 Nd5 17. Bxg7 Kxg7 18. e3 Rfe8 1/2-1/2

[Event "Dvorkovich Memorial Rapid 2018"]
[Site "Taganrog"]
[Date "2018.01.14"]
[Round "10"]
[White "Timofeev, Artyom"]
[Black "Khanin, Semen"]
[Result "1-0"]
[WhiteElo "2563"]
[BlackElo "2458"]
[Annotator "TA"]
[PlyCount "83"]
[EventDate "2018.??.??"]
[EventType "swiss"]
[EventCountry "RUS"]
[SourceTitle "playchess.com"]
[Source "ChessBase"]
[SourceQuality "1"]

{[%evp 16,83,20,2,53,39,90,83,115,121,113,123,107,99,94,93,115,96,146,132,206,160,242,247,262,255,246,216,206,193,183,194,240,243,340,335,343,337,345,343,350,350,404,404,389,381,427,448,442,446,591,561,741,736,721,729,734,669,700,626,1121,512,534,473,5118,5118,5312,5314,29962,6374]} 1. Nf3 Nf6 2. g3 g6 3. c4 Bg7 4. Nc3 d5 5. cxd5 Nxd5 6. Bg2 O-O 7. O-O Nb6 8. d4 {[%cal Bd2d4,Bd4d5][%mdl 32]} Nc6 9. Bf4 Bg4 {D76: Fianchetto Grünfeld: Main Line with 7...Nb6} ({Black should try} 9... Nxd4 $11 10. Nxd4 e5) 10. d5 $14 Na5 (10... Bxf3 $14 11. Bxf3 Nd4) 11. Ne5 $16 Bc8 $146 {next ...g5 is good for Black.White is better.} ({Find the theoretical novelty and annotate with similar games:} 11... Bf5 12. e4 Bc8 13. Nd3 c6 14. Rc1 e6 15. dxe6 Bxe6 16. Nc5 Qc8 17. b3 {0-1 (52) Miralles,G (2445)-Damljanovic,B (2555) Vrsac 1989}) 12. h4 Nac4 13. Nxc4 Nxc4 14. Qb3 Nd6 15. Rfd1 Bd7 16. Rac1 a5 17. e4 {[%cal Be2e4,Be4e5][%mdl 32]} Ra6 (17... e5 $16 18. dxe6 Bxe6) 18. Qc2 Qc8 (18... f6 $16 {is a better defense.} 19. Ne2 c6) 19. e5 $18 Nf5 20. Ne4 Rb6 21. b3 c6 22. Qd2 Rb4 23. Nc5 Rd4 24. Qxa5 cxd5 25. Rxd4 ({Worse is} 25. Bxd5 Bc6 $11) 25... Nxd4 26. Qd2 Nc6 27. Qxd5 ({Don't take} 27. Bxd5 Be8 $18) 27... Rd8 28. Nxd7 Rxd7 29. Qb5 h6 30. a4 ({Weaker is} 30. Bxc6 Rc7 $18) 30... Qd8 31. Bxc6 bxc6 32. Qxc6 Kh7 33. e6 Rd1+ 34. Rxd1 Qxd1+ 35. Kg2 Qxb3 36. exf7 Qxf7 37. a5 Qa2 {[#]} 38. Bc7 (38. h5 $142 $1 {[%mdl 512]}) 38... Bd4 39. Qf3 {Bb6 is the strong threat.} e5 (39... Qe6 $142 40. h5 Kg7 41. hxg6 Qxg6) 40. Bb6 e4 41. Qf4 Bc3 42. Qc7+ {Precision: White = 84%, Black = 10%.} 1-0

[Event "Dvorkovich Memorial Rapid 2018"]
[Site "Taganrog"]
[Date "2018.01.14"]
[Round "10"]
[White "Triapishko, Alexandr"]
[Black "Chernyavsky, Alexander"]
[Result "1-0"]
[WhiteElo "2531"]
[BlackElo "2326"]
[Annotator "TA"]
[PlyCount "112"]
[EventDate "2018.??.??"]
[EventType "swiss"]
[EventCountry "RUS"]
[SourceTitle "playchess.com"]
[Source "ChessBase"]
[SourceQuality "1"]

{[%evp 12,112,29,30,80,73,90,83,64,73,75,70,78,85,80,83,90,90,112,107,104,107,125,129,152,144,150,154,147,135,118,130,156,82,124,0,0,0,0,0,0,0,0,-151,-141,-154,-130,-198,-177,-163,-91,-97,-62,-192,-188,-302,-345,-368,-374,-361,-366,-335,-239,-184,-50,-158,-147,-513,-513,-513,-513,-746,-735,-717,-570,-1114,-1038,-4802,-2137,-1498,-720,-5631,-2184,-29967,-29967,-29961,-29958,-5945,-2677,-29982,-29983,-29983,-29980,-29982,-29979,-29979,-29980,-29984,-29985,-29985,-29986,-29981,-29982]} 1. e4 {[%cal Be2e4,Be4e5][%mdl 32]} e6 2. d4 d5 3. Bd3 Nf6 4. e5 Nfd7 5. Nf3 c5 6. c3 Nc6 7. O-O f6 {[%cal Rf6e5] C02: French: Advance Variation} (7... Qb6 8. Bc2 Be7 9. a3 a5 10. Re1 f6 11. exf6 Nxf6 12. Qd3 Bd7 13. Nbd2 cxd4 14. cxd4 O-O 15. b3 Rac8 {1-0 (57) Onischuk,V (2623)-Krishna,C (2380) Bastia 2017}) 8. Ng5 Ndxe5 9. dxe5 fxg5 {White is better.} 10. Qh5+ Kd7 11. Bxg5 Be7 12. Bxe7 Qxe7 13. c4 $146 ({Predecessor:} 13. Nd2 Kc7 14. b4 Bd7 15. bxc5 Qxc5 {1-0 (43) Louro,E (2268)-Beltran Seguer,J (2064) ICCF email 2001}) 13... d4 14. Nd2 b6 15. f4 Bb7 16. a3 g5 17. Ne4 gxf4 18. Rxf4 Raf8 19. Raf1 {Black must now prevent Rf7.} Rxf4 20. Rxf4 Nd8 21. Nd6 $1 {[%cal Rd6b7]} Bc6 22. g3 (22. Rg4 $142 $1 h6 23. Rg6) 22... Rg8 $16 23. Qxh7 (23. Rf6 $16) 23... Qxh7 $11 24. Bxh7 Rg5 25. Rf8 {Hoping for Rxd8+!} Rxe5 26. Rxd8+ $1 Ke7 {Strongly threatening ...Re1+.} 27. h4 $2 {[#]} ({White must play} 27. Bg6 $1 $11) 27... Re2 $1 $17 28. Nf7 ({Don't blunder} 28. Kf1 $2 Rxb2 29. Nf7 Kxf7) 28... Kxf7 {[%mdl 4096] Endgame KRB-KRB} 29. b4 {[#]} (29. h5 $17) 29... Ke7 $1 $19 30. Rc8 Kd7 (30... Be4 $19 {Threatens to win with ...d3.} 31. Bxe4 Rxe4 32. Rc7+ Kd8) 31. Rg8 $17 Re3 32. Kf2 ({Better is} 32. h5 $1 $15) 32... Rxa3 $19 33. b5 (33. bxc5 $142 bxc5 34. Bg6) 33... Ra2+ 34. Ke1 Bf3 35. Rf8 Bh5 36. Bd3 Rg2 37. Rg8 Bf3 (37... Ke7 $19 38. Rg7+ Kf6 39. Rxa7 Rxg3) 38. Rg5 (38. Rf8 $1 $15 Bh5 39. Rg8) 38... Kd6 $17 39. h5 $2 {[%mdl 8192]} (39. Rg6 $17) 39... e5 $19 {[%cal Be6e5,Be5e4,Be4e3][%mdl 32]} 40. Rg6+ Ke7 41. Rg7+ Kf6 42. Rg6+ Kf7 43. Bf5 e4 44. Be6+ Ke7 {( -> ...e3)} 45. Bg4 Rxg3 (45... d3 $142 46. Rg7+ Kf6 47. Rg6+ Kf7 48. Bxf3 exf3) 46. h6 Bxg4 {KRB-KR} 47. h7 Rh3 48. Rxg4 {KR-KR} e3 49. Ke2 Rxh7 50. Kd3 Rh2 {Black mates.} 51. Re4+ Kf6 {[%csl Ge3][%cal Rh2d2]} 52. Rf4+ Kg5 53. Rf5+ Kg6 54. Rf1 Rd2+ 55. Ke4 e2 56. Re1 d3 {[%mdl 32768] Precision: White = 35%, Black = 74%. . Loss on Time!?} 1-0

[Event "Dvorkovich Memorial Rapid 2018"]
[Site "Taganrog"]
[Date "2018.01.14"]
[Round "10"]
[White "Iljiushenok, Ilia"]
[Black "Lugovskoy, Maxim"]
[Result "1-0"]
[WhiteElo "2512"]
[BlackElo "2459"]
[Annotator "TA"]
[PlyCount "57"]
[EventDate "2018.??.??"]
[EventType "swiss"]
[EventCountry "RUS"]
[SourceTitle "playchess.com"]
[Source "ChessBase"]
[SourceQuality "1"]

{[%evp 22,57,73,68,66,68,54,66,95,40,82,28,39,21,72,56,86,47,52,53,72,58,56,47,50,48,89,92,82,61,852,887,875,-687,827,814,1020,1012]} 1. e4 e6 2. d4 d5 3. Nc3 Bb4 4. a3 Bxc3+ 5. bxc3 dxe4 6. Qg4 Nf6 7. Qxg7 Rg8 8. Qh6 Nbd7 9. Ne2 b6 10. Ng3 Bb7 {C15: French: 3 Nc3 Bb4: Unusual White 4th moves} 11. Be2 (11. Bg5 Rg6 12. Qh4 h6 13. Bxh6 Rg4 14. Qh3 Rg8 15. Bd2 Qe7 16. Qh4 O-O-O {1-0 (28) Savchenko,B (2585)-Lugovskoy,M (2474) Sochi 2017}) 11... Qe7 12. O-O {LiveBook: 3 Games} Rg6 {White is slightly better.} 13. Qh4 $1 O-O-O 14. a4 Rdg8 15. a5 $146 (15. Bh5 $16) ({Predecessor:} 15. f3 exf3 16. Bxf3 Bxf3 17. Rxf3 Rg4 18. Qh6 {1-0 (44) Uckar,K (1653)-Hankow,B (1839) Berlin 2010}) 15... h5 16. axb6 (16. Bxh5 Rh8 $15) (16. c4 $16) 16... axb6 $11 17. Be3 (17. Bxh5 Rh8 $17) 17... Nf8 (17... Qd8 $11) 18. Ra7 ({Much weaker is} 18. Bxh5 Rh8 $11) 18... Rg4 19. Bxg4 Rxg4 20. Qh3 Ng6 $1 21. Nxh5 Rh4 22. Qxh4 $1 ({Inferior is} 22. Bg5 Rxh3 23. gxh3 Qd6 $19) 22... Nxh4 23. Bg5 $1 $36 {[%csl LRf6,LRh4][%mdl 2048] White has the initiative.} Qf8 24. Nxf6 Nf5 25. Rfa1 {Strongly threatening Ra8+!} Qg7 $2 {[%mdl 8192] [#]} (25... Qd6 $14) 26. Ra8+ $1 $18 Bxa8 27. Rxa8+ Kb7 28. Rg8 e3 29. fxe3 {Precision: White = 48%, Black = 48%.} 1-0

[Event "Dvorkovich Memorial Rapid 2018"]
[Site "Taganrog"]
[Date "2018.01.14"]
[Round "10"]
[White "Evdokimov, Alexander A"]
[Black "Demkovich, Anatoliy"]
[Result "1/2-1/2"]
[WhiteElo "2502"]
[BlackElo "2407"]
[Annotator "TA"]
[PlyCount "160"]
[EventDate "2018.??.??"]
[EventType "swiss"]
[EventCountry "RUS"]
[SourceTitle "playchess.com"]
[Source "ChessBase"]
[SourceQuality "1"]

{[%evp 27,160,-52,-45,-72,-62,-52,-43,-56,18,12,15,0,67,61,55,72,65,54,56,56,57,15,9,2,5,0,0,-8,0,-21,-21,-17,-7,-16,0,0,0,0,0,0,0,-23,-18,-14,-7,-14,-14,-14,-14,-16,-22,-17,-8,-151,-167,-148,-152,-228,-224,-581,-587,-539,-563,-2720,-196,-662,-589,-1579,-249,-260,-245,-253,-202,-202,-147,-137,-147,-486,-175,-175,-106,-105,0,-64,-59,-61,-68,-58,-69,-66,-59,-56,0,-30,-33,-145,0,0,0,0,0,0,0,0,0,0,0,0,0,0,0,0,0,0,0,0,0,0,0,0,0,0,0,0,0,0,0,0,0,0,0,0,0,0,0]} 1. Nf3 c5 2. c4 Nc6 3. g3 g6 4. Bg2 Bg7 5. O-O e6 6. Nc3 Nge7 7. d3 d5 8. Bg5 h6 9. Bd2 O-O 10. a3 {A37: Symmetrical English vs ...g6: 4 Bg2 Bg7 5 Nf3} b6 11. Rb1 Bb7 (11... a5 12. Qc1 Kh7 13. Rd1 Bb7 14. Na4 e5 15. e3 d4 16. Qc2 dxe3 17. fxe3 Rb8 {½-½ (65) Pantsulaia,L (2595)-Safarli,E (2653) Warsaw 2013}) 12. cxd5 exd5 {[%cal Be6d5,Bd5d4][%mdl 32]} 13. b4 cxb4 14. axb4 d4 $1 {[%cal Rd4c3] LiveBook: 4 Games} 15. Na2 {[#]} Ne5 $146 ({Predecessor:} 15... Qd7 16. b5 Nd8 17. Qc1 Rc8 {½-½ (41) Gereben,E (2330)-Andersson,U (2535) Dortmund 1973}) 16. Nxe5 Bxg2 17. Kxg2 Qd5+ (17... Bxe5 $15 18. Qb3 Nf5) 18. Nf3 $11 {Hoping for Qb3.} Qxa2 19. b5 Nd5 (19... Qd5 $11) 20. Ra1 $14 Qb2 21. Qa4 Rfc8 22. Ra2 Nc3 23. Bxc3 Qxc3 24. Nd2 {Black must now prevent Nc4.} Qc5 25. Rb1 Qd5+ 26. Kg1 Rc7 27. Qb3 Qh5 28. Nc4 Re8 29. Qd1 Rce7 {[%cal Re7e2]} 30. Rbb2 Qd5 31. Qf1 Kh7 32. Qg2 Qh5 {[%cal Re7e2]} 33. Kf1 Qf5 34. f4 (34. Qf3 {seems wilder.} Qh3+ 35. Qg2 Qf5) 34... Rd8 {[%cal Be8d8,Bd8d5,Bd5c5][%mdl 32]} 35. Qf3 h5 36. Kg2 Rd5 37. Kf2 Rc5 38. Rb3 Qh3 39. Qg2 Qd7 40. Rab2 (40. Qf3 $11 {keeps the balance.}) 40... g5 $1 $17 41. fxg5 Rxg5 42. Nd2 {[#]} (42. Rc2 $17 {was necessary.}) 42... Bh6 $1 $19 43. Nf3 $2 (43. Rb1 {is tougher.}) 43... Rc5 44. Rb1 Rc2 45. Kf1 Qc8 $2 (45... Rexe2 46. Ng5+ Bxg5 47. Qxe2 Qh3+ 48. Ke1 Rxe2+ 49. Kxe2 Qg2+ 50. Ke1 Bd2+ 51. Kd1 Bc3) 46. Ne1 $2 (46. Re1) 46... Qf5+ 47. Nf3 Rec7 $2 (47... Rexe2 48. Qxe2 Qh3+ 49. Ke1 Rxe2+ 50. Kxe2 Qg2+ 51. Ke1 Qxf3) 48. Re1 Bd2 49. Rd1 Be3 50. Rbb1 {[%cal Bb3b1,Bb1a1,Ba1a4][%mdl 32]} f6 51. Ke1 Re7 52. Nh4 $2 {[%mdl 8192] [#]} (52. Rb4 $17) 52... Qg4 $2 (52... Rxe2+ $1 {[%mdl 512]} 53. Qxe2 (53. Kxe2 Bc1+) 53... Bf2+ 54. Kf1 Qh3+ 55. Kxf2 Qxh2+ 56. Ng2 Rxe2+ 57. Kxe2 Qxg2+ 58. Ke1 Qxg3+ 59. Kd2 h4) 53. Kf1 Re5 (53... Bg5 $19 {[%cal Re7e2]} 54. Re1 Bd2) 54. Ra1 Re7 ({But not} 54... Rxb5 $6 55. Rxa7+ Kh6 56. Ra8 $11) ({Black should play} 54... Rc7 $17 {Threatens to win with ...Rg7.} 55. h3 Qc8) 55. Qf3 ({White should try} 55. Rab1 $1 $11) 55... Bg5 $15 56. Re1 Bxh4 57. Qxg4 hxg4 58. gxh4 {[%mdl 4096] Endgame KRR-KRR} Rc5 59. Ra4 Rd7 (59... Rxb5 $15 60. Rxd4 f5) 60. Rb1 Kg6 61. Rbb4 (61. Rba1 $15) 61... Rcd5 ({Better is} 61... Kh5 $17 62. Rxd4 Rxd4 63. Rxd4 Rxb5) 62. Kf2 $11 {The position is equal.} Kh5 63. Kg3 f5 64. h3 gxh3 65. Kxh3 Re5 66. Rxd4 Re3+ 67. Kg2 Rxe2+ 68. Kf3 Rxd4 69. Rxd4 {KR-KR} Re5 70. Rb4 Rd5 71. Kf4 Kxh4 72. Ra4 Rxb5 {And now ...a5 would win.} 73. Rxa7 {[%cal Ra7h7]} Kh5 74. Rg7 Kh6 75. Rg3 Rd5 76. Rg8 b5 77. d4 Kh7 78. Rg1 $1 b4 79. Rb1 Rb5 {Threatening ...Kg6.} 80. d5 Rxd5 {Precision: White = 51%, Black = 61%.} 1/2-1/2

[Event "Dvorkovich Memorial Rapid 2018"]
[Site "Taganrog"]
[Date "2018.01.14"]
[Round "10"]
[White "Hasangatin, Ramil"]
[Black "Savitskiy, Sergey"]
[Result "1/2-1/2"]
[WhiteElo "2502"]
[BlackElo "2415"]
[Annotator "TA"]
[PlyCount "37"]
[EventDate "2018.??.??"]
[EventType "swiss"]
[EventCountry "RUS"]
[SourceTitle "playchess.com"]
[Source "ChessBase"]
[SourceQuality "1"]

{[%evp 9,37,0,0,-2,-2,-3,-5,-5,1,-5,-5,0,0,-10,-8,-7,5,0,0,0,0,0,0,0,0,0,0,0,0,-6]} 1. d4 Nf6 2. Nf3 g6 3. Nc3 d5 4. Bf4 Bg7 5. Nb5 Na6 {[%cal Bb8a6,Ba6c7,Bc7e8,Be8d6][%mdl 32] The position is equal.} 6. e3 $1 {D00: 1 d4 d5: Unusual lines} c6 (6... O-O 7. h3 Ne4 8. c3 c5 9. a4 c4 10. b3 cxb3 11. Qxb3 Bf5 12. Be2 Qa5 13. O-O {1-0 (22) Hasangatin,R (2496)-Savitskiy,S (2412) Sochi 2017}) 7. Nc3 Nc7 8. h3 O-O 9. Be2 Nce8 (9... Bf5 10. O-O Rc8 11. Bh2 Ne4 12. Nxe4 Bxe4 13. c3 {½-½ (55) Aronian,L (2799)-Vachier Lagrave,M (2804) Tbilisi 2017}) 10. O-O Nd6 11. Bh2 $146 ({Predecessor:} 11. Rc1) 11... Re8 12. Re1 Nd7 13. Bd3 e5 14. dxe5 Nxe5 15. Nxe5 Bxe5 16. Bxe5 Rxe5 17. e4 dxe4 18. Bxe4 Qe7 {[%cal Rd6e4]} 19. Bd3 {Precision: White = 77%, Black = 88%.} 1/2-1/2